Normal view
MARC view
Entry Geographic Name
001 - CONTROL NUMBER
- control field: 49292
003 - CONTROL NUMBER IDENTIFIER
- control field: ARRUPE
005 - DATE AND TIME OF LATEST TRANSACTION
- control field: 20200203101229.0
008 - FIXED-LENGTH DATA ELEMENTS
- fixed length control field: 200203|| aca||aabn | a|a d
040 ## - CATALOGING SOURCE
- Original cataloging agency: ARRUPE
- Transcribing agency: ARRUPE
151 ## - HEADING--GEOGRAPHIC NAME
- Geographic name: Zambia
- General subdivision: Politics
- Chronological subdivision: 1991-
670 ## - SOURCE DATA FOUND
- Source citation: Work cat.: (ARRUPE): Membe, Franklin L. 49291, Africa's troubled political disorder - a case on Zambia, 2001